| 000 | 01671nam a2200481 i 4500 | ||
|---|---|---|---|
| 001 | 54827 | ||
| 003 | KOSZ 005 | ||
| 005 | 20220614091835.0 | ||
| 008 | 080429s2008 pl f |000 0 pol | ||
| 015 | _aUWD 2009/17749 | ||
| 020 | _a9788320817553 | ||
| 035 | _a991041600139705066 | ||
| 035 | _a(PL-WaBN)b21103094-48omnis_nlop | ||
| 035 | _ab21103094 | ||
| 035 | _a(OCoLC)749601627 | ||
| 035 | _axx001076093 | ||
| 035 | _a(PL)b0000002110309 | ||
| 035 | _a(EXLNZ-48OMNIS_NETWORK)9910295008005606 | ||
| 040 |
_aWA N _cWA N _dLUBL KUL _dKOSZ 005/HR |
||
| 041 | 1 |
_apol _heng |
|
| 046 | _k2008 | ||
| 080 | _a339.138 | ||
| 080 | _a(075.8) | ||
| 100 | 1 |
_aKaden, Robert J. _eAutor |
|
| 245 | 1 | 0 |
_aBadania marketingowe / _cRobert J. Kaden ; tł. Grzegorz Łuczkiewicz. |
| 246 | 1 |
_iTyt. oryg.: _aGuerrilla marketing research : _bmarketing research techniques that can help any business make more money, _f2006 |
|
| 260 |
_aWarszawa : _bPolskie Wydawnictwo Ekonomiczne, _c2008. |
||
| 300 |
_a227, [1] s. ; _c24 cm. |
||
| 336 |
_aTekst _btxt _2rdacontent |
||
| 337 |
_aBez urządzenia pośredniczącego _bn _2rdamedia |
||
| 338 |
_aWolumin _bnc _2rdacarrier |
||
| 380 | _aKsiążki | ||
| 388 | _a2001- | ||
| 650 | 7 |
_aMarketing _2DBN |
|
| 650 | 7 | _aBadania marketingowe | |
| 655 | 7 |
_aPodręczniki akademickie _2DBN |
|
| 658 | _aZarządzanie i marketing | ||
| 700 | 1 |
_aŁuczkiewicz, Grzegorz _eTłumaczenie |
|
| 710 | 2 |
_aPolskie Wydawnictwo Ekonomiczne _4pbl |
|
| 856 |
_uhttp://koha.tu.koszalin.pl/cgi-bin/koha/opac-detail.pl?biblionumber=54827 _yKatalog online BPK |
||
| 942 |
_2UKD _cKS |
||
| 999 |
_c54827 _d54827 |
||